00692nam a2200217 a 450000100060000000300080000600500170001400800410003102000150007203500190008704000270010604100130013308200280014610000180017424500560019225000420024826000570029030000290034750400560037665100420043257722BD-RjUL20211209080539.0161211s1998 sz a b 000 0 eng  a3908102693 a(BD-RjUL)57846 aDLCcDLCdBD-RjULbeng1 aenghger00a306.09494223bLES 19981 aLevy, René,14aThe social structure of Switzerland /cRené Levy. a5th ed., completely rev. and updated. aZürich :bPro Helvetia, Swiss Arts Council,c1998. a145 p. :bill. ;c21 cm. aIncludes bibliographical references (p. [142]-145). 0aSwitzerlandxSocial conditionsy1945-